Guess the Taylor Swift Song (no hints) 167 - Statistics

General Stats
  • This quiz has been taken 57 times
  • The average score is 132 of 251
Answer Stats
Answer % Correct
The
100%
the
100%
a
97%
and
97%
And
97%
In
97%
it
97%
Where
97%
you
95%
You
95%
your
95%
we
92%
on
89%
So
89%
to
89%
when
89%
don't
87%
for
87%
is
87%
They
87%
they
87%
this
87%
were
87%
you're
87%
are,
84%
It's
84%
But
82%
night
79%
just
76%
here
74%
now
74%
see
74%
got
71%
never
63%
Oh,
63%
Every
61%
with
61%
down
58%
you've
58%
Yeah,
55%
make
53%
our
53%
something
53%
thing
53%
thought
53%
you'd
53%
ey
50%
eyes
50%
Even
45%
into
45%
we've
45%
new
37%
around
32%
around)
32%
far
32%
Keep
32%
keep
32%
open
32%
turn
32%
(turn
32%
two
32%
dark
29%
gotta
29%
happy
29%
sleeping
29%
sleeping,
29%
they've
29%
break
26%
everybody
26%
goes
26%
Playing
26%
waiting
26%
world
26%
children
24%
cruel
24%
dreams
24%
save
24%
watching
24%
backyards,
21%
comes
21%
Dreaming
21%
Everybody's
21%
fallout
21%
Heartbeat
21%
scar
21%
steady
21%
stepped
21%
steps
21%
swords
21%
tricky
21%
wooden
21%
yesterday
21%
ahead
18%
battles
18%
endings
18%
forms
18%
guard
18%
keeps
18%
locked
18%
nobody
18%
pretending
18%
ready
18%
score
18%
showdown
18%
(showdown)
18%
stands
18%
staying
18%
surrounded
18%
winning
18%
feet
16%
lesson
16%
soldiers,
16%
aim
13%
No matching quizzes found
Score Distribution
Percent of People with Each Score
Percentile by Number Answered
Your Score History
You have not taken this quiz